ফ্রয়বেলের শিক্ষার মূলনীতি / (Record no. 72991)
[ view plain ]
| 000 -LEADER | |
|---|---|
| fixed length control field | 00858nam a2200217 a 4500 |
| 001 - CONTROL NUMBER | |
| control field | 72991 |
| 003 - CONTROL NUMBER IDENTIFIER | |
| rucl marc code | BD-RjUL |
| 005 - DATE AND TIME OF LATEST TRANSACTION | |
| control field | 20211209082333.0 |
| 008 - FIXED-LENGTH DATA ELEMENTS--GENERAL INFORMATION | |
| fixed length control field | 170527s1981 ii |||| |||| 000 0 ben d |
| 035 ## - SYSTEM CONTROL NUMBER | |
| System control number | (BD-RjUL)73209 |
| 040 ## - CATALOGING SOURCE | |
| Original cataloging agency | BD-RjUL |
| Language of cataloging | ben |
| Transcribing agency | BD-RjUL |
| Modifying agency | BD-RjUL |
| 041 ## - LANGUAGE CODE | |
| Language code of text/sound track or separate title | ben |
| 082 ## - DEWEY DECIMAL CLASSIFICATION NUMBER | |
| Edition number | 23 |
| Classification number | 370.1 |
| Author mark and year | FRO 1981 |
| 245 10 - TITLE STATEMENT | |
| Title | ফ্রয়বেলের শিক্ষার মূলনীতি / |
| Statement of responsibility, etc. | বসু, ক্ষণিকা |
| 260 ## - PUBLICATION, DISTRIBUTION, ETC. (IMPRINT) | |
| Place of publication, distribution, etc. | কলিকাতা : |
| Name of publisher, distributor, etc. | পশ্চিমবঙ্গ রাজ্য পুস্তক পর্ষদ, |
| Date of publication, distribution, etc. | ১৯৮১ |
| 300 ## - PHYSICAL DESCRIPTION | |
| Pagination | ১৩৫ পৃ. ; |
| Size | ২৫ সেমি. |
| 650 ## - SUBJECT ADDED ENTRY--TOPICAL TERM | |
| Topical term or geographic name as entry element | শিক্ষা দর্শন এবং তত্ত্ব |
| 9 (RLIN) | 215866 |
| Topical term or geographic name as entry element | Education philosophy and theory |
| 9 (RLIN) | 215867 |
| 700 ## - ADDED ENTRY--PERSONAL NAME | |
| Personal name | বসু, ক্ষণিকা |
| 942 ## - ADDED ENTRY ELEMENTS (KOHA) | |
| Source of classification or shelving scheme | Dewey Decimal Classification |
| Koha item type | Books |
| Lost status | Source of classification or shelving scheme | Damaged status | Not for loan | Collection code | Permanent Location | Current Location | Shelving location | Date acquired | Source of acquisition | Cost, normal purchase price | Total Checkouts | Full call number | Date last seen | Copy number | Koha item type |
|---|---|---|---|---|---|---|---|---|---|---|---|---|---|---|---|
| Dewey Decimal Classification | Not For Loan | Non-fiction | Central Library, University of Rajshahi | Central Library, University of Rajshahi | Reading Room | 05/04/1982 | India International | 7.00 | B 370.1 FRO 1981 | 27/05/2017 | C-1 | Books |